000 00489nam a22001577u 4500
008 130405s2001 xxu||||| |||| 00| 0 spa d
020 _a848440238X
041 _aspa
100 1 _aPrieto Ramiro, Rafael
_929668
245 0 0 _aCáritas Cuaresma y Pascua 2001
_b:Pasó lo viejo 2... empezamos de nuevo 001
_cRafael Prieto Ramiro
260 _aMadrid:
_bCáritas Española,
_c2001
300 _a267 p.
_c;21 cm.
650 0 4 _aLiturgia
_xNavidad y adviento
_918909
942 _cBK
001 76798
999 _c255950
_d255950